Statistics for Middle Earth Map Quiz

Click here to take the quiz!

General Stats

  • This quiz has been taken 107 times
  • The average score is 10 of 13

Answers on the Map

Answers color-coded by a green-red scale on the quiz's map according to % correct below.
Loading ...
SeaABCDElandABCDEmarked subjectland:other lands, part ofthe same unit asmarked objectLaketempland:outside areaoutside areaA --> Marked, but internally disputed (e.g. claimed by other provinces)B --> Disputed (claimed or controlled by other states)(if C and D is used: claimed and de-facto controlled by other statesE --> Like B, markedC --> Disputed (claimed by others while de-facto not controlled by others)D --> Like C, markedUse D&C with care. In most cases B&E and is sufficient.OutsideWaterBordersInternalMarkedCoastlineCircle marker opacity,glow effect,zoom box: scale effectZoom box: shadowBackground D#DFDFDF#C7E7FB#656564#FDFBEA#C12838#1278AB#C12838, 25%#656564, 50%Foreground C#FDFBEA, 50%#C12838, 50%ZOOM BOXCIRCLE MARKERGLOW EFFECTVersion: Beta 0.1. Note: v. 1.0 coming soon. Please "watch" the file.Version: Beta 0.1. Note: v. 1.0 coming soon. Please "watch" the file.
 

Answer Stats

Answer% Correct
Mordor
99%
Rohan
95%
Gondor
94%
Shire
93%
Rivendell
89%
Isengard
81%
Lothloríen
81%
Mirkwood
78%
Fangorn
77%
Erebor
64%
Esgaroth
59%
Rhûn
53%
Lindon
37%

Score Distribution

Percentile by Number Answered

Percent of People with Each Score

Your Score History

You have not taken this quiz